| 000 | 00800nam a22002297a 4500 | ||
|---|---|---|---|
| 003 | PE SENCICO BE | ||
| 005 | 20251020182636.0 | ||
| 008 | 230515b |||||||| |||| 00| 0 eng d | ||
| 040 |
_aPE SENCICO BE _cPE SENCICO BE |
||
| 041 | _aspa | ||
| 082 |
_a 690.24 _bC4 |
||
| 110 | 1 |
_91031 _aChile _bMinisterio de Vivienda y Urbanismo |
|
| 245 | 1 |
_a100 historias : _btestimonios de la reconstrucción / _cMinisterio de Vivienda y Urbanismo (Chile) |
|
| 250 | _a[1a ed.] | ||
| 260 |
_a[Chile] : _bMinisterio de Vivienda y Urbanismo, _c[2013] |
||
| 300 |
_a[200] p. : _bil. col., lams. ; _c24 x 33 cm. |
||
| 650 | 1 | 4 |
_91032 _aReparación y construcción de edificios |
| 650 | 2 | 4 |
_959 _aConstrucción de viviendas |
| 650 | 2 | 4 |
_9981 _aProyectos de construcción |
| 910 |
_bhfp _chfp |
||
| 942 |
_2ddc _cLIB |
||
| 999 |
_c4150 _d4150 |
||